00898nam a22002417a 450000500170000001000130001702000100003003500130004003700160005304000120006908200160008110000290009724500910012626000430021727000420026030000260030265000870032865000500041570000240046594200250048999900190051495201230053320170124110102.0 aA-583143 c00.00 aA-583143 bCen Lib/Ret aDPLbEN a954.11bWAK aWakhlu, Khem Lata927369 aKidnapped :cby Khem Lata Wakhlu [and] O.N.Wakhlub45 days with militants in Kashmir / bKonark Publishers Pvt Ltdc1993aDelhi aA-149, Main Vikas MargbDelhie110092 aviii,235p. c16cm(Hb) aJammu and Kashmir (India) -- History -- Autonomy and independence movements927370 aHostages -- India -- Jammu and Kashmir927371 aWakhlu, O.N.927372 2ddccENh954.11mWAK c129780d129780 00104070aLbLd2015-07-07eCen Lib/Retg0.00l0o954.11 WAKpA-583143r2015-07-07 00:00:00t1v0.00w2015-07-07yEN